|
|
|
|
| LEADER |
02749nam a2200493 4500 |
| 001 |
978-3-319-92420-5 |
| 003 |
DE-He213 |
| 005 |
20191028212706.0 |
| 007 |
cr nn 008mamaa |
| 008 |
180807s2018 gw | s |||| 0|eng d |
| 020 |
|
|
|a 9783319924205
|9 978-3-319-92420-5
|
| 024 |
7 |
|
|a 10.1007/978-3-319-92420-5
|2 doi
|
| 040 |
|
|
|d GrThAP
|
| 050 |
|
4 |
|a QA273.A1-274.9
|
| 050 |
|
4 |
|a QA274-274.9
|
| 072 |
|
7 |
|a PBT
|2 bicssc
|
| 072 |
|
7 |
|a MAT029000
|2 bisacsh
|
| 072 |
|
7 |
|a PBT
|2 thema
|
| 072 |
|
7 |
|a PBWL
|2 thema
|
| 082 |
0 |
4 |
|a 519.2
|2 23
|
| 245 |
1 |
0 |
|a Séminaire de Probabilités XLIX
|h [electronic resource] /
|c edited by Catherine Donati-Martin, Antoine Lejay, Alain Rouault.
|
| 250 |
|
|
|a 1st ed. 2018.
|
| 264 |
|
1 |
|a Cham :
|b Springer International Publishing :
|b Imprint: Springer,
|c 2018.
|
| 300 |
|
|
|a VIII, 544 p. 6 illus., 2 illus. in color.
|b online resource.
|
| 336 |
|
|
|a text
|b txt
|2 rdacontent
|
| 337 |
|
|
|a computer
|b c
|2 rdamedia
|
| 338 |
|
|
|a online resource
|b cr
|2 rdacarrier
|
| 347 |
|
|
|a text file
|b PDF
|2 rda
|
| 490 |
1 |
|
|a Séminaire de Probabilités,
|x 0720-8766 ;
|v 2215
|
| 520 |
|
|
|a This 49th volume offers a good sample of the main streams of current research on probability and stochastic processes, in particular those active in France. This includes articles on latest developments on diffusion processes, large deviations, martingale theory, quasi-stationary distribution, random matrices, and many more. All the contributions come from spontaneous submissions and their diversity illustrates the good health of this branch of mathematics. The featured contributors are E. Boissard, F. Bouguet, J. Brossard, M. Capitaine, P. Cattiaux, N. Champagnat, K. Abdoulaye Coulibaly-Pasquier, H. Elad Altman, A. Guillin, P. Kratz, A. Lejay, C. Leuridan, P. McGill, L. Miclo, G. Pagès, E. Pardoux, P. Petit, B. Rajeev, L. Serlet, H. Tsukada, D. Villeomannais and B. Wilbertz.
|
| 650 |
|
0 |
|a Probabilities.
|
| 650 |
1 |
4 |
|a Probability Theory and Stochastic Processes.
|0 http://scigraph.springernature.com/things/product-market-codes/M27004
|
| 700 |
1 |
|
|a Donati-Martin, Catherine.
|e editor.
|4 edt
|4 http://id.loc.gov/vocabulary/relators/edt
|
| 700 |
1 |
|
|a Lejay, Antoine.
|e editor.
|4 edt
|4 http://id.loc.gov/vocabulary/relators/edt
|
| 700 |
1 |
|
|a Rouault, Alain.
|e editor.
|4 edt
|4 http://id.loc.gov/vocabulary/relators/edt
|
| 710 |
2 |
|
|a SpringerLink (Online service)
|
| 773 |
0 |
|
|t Springer eBooks
|
| 776 |
0 |
8 |
|i Printed edition:
|z 9783319924199
|
| 776 |
0 |
8 |
|i Printed edition:
|z 9783319924212
|
| 830 |
|
0 |
|a Séminaire de Probabilités,
|x 0720-8766 ;
|v 2215
|
| 856 |
4 |
0 |
|u https://doi.org/10.1007/978-3-319-92420-5
|z Full Text via HEAL-Link
|
| 912 |
|
|
|a ZDB-2-SMA
|
| 912 |
|
|
|a ZDB-2-LNM
|
| 950 |
|
|
|a Mathematics and Statistics (Springer-11649)
|